000 00553 a2200193 4500
999 _c32041
_d32041
003 OSt
005 20260209155331.0
008 260209b ||||| |||| 00| 0 eng d
020 _a978-93-895-5203-4
040 _c.
082 _a658.404
_bP6593
100 _96564
_aPinto, Jeffrey K.
245 _aProject Management: Achieving Competitive Advantage /
_cJeffrey K. Pinto
250 _a5th ed.
260 _bPearson India Education Services Pvt. Ltd.,
_aNoida :
_c2020.
300 _a564 p.
650 0 _92103
_aProject management
942 _2ddc
_cBK